000 00280nam a22001217a 4500
008 181126b xxu||||| |||| 00| 0 eng d
041 _aeng
080 _a610.073
100 _a3
101 _aINF
245 _aNursing Care Of Infacts And Children
_cWong.W
942 _2udc
_cBK
999 _c52475
_d52475